Vorträge über wirtschaftliche Grundbegriffe
Gespeichert in:
| Format: | Buch |
|---|---|
| Sprache: | Deutsch |
| Veröffentlicht: |
Jena
Gustav Fischer
1922
|
| Ausgabe: | Vierte Auflage |
| Tags: |
Keine Tags, Fügen Sie das erste Tag hinzu!
|
MARC
| LEADER | 00000nam a2200000 4500 | ||
|---|---|---|---|
| 001 | 0307565 | ||
| 005 | 20250310104225.9 | ||
| 041 | 0 | |a ger | |
| 044 | |a DE | ||
| 245 | 1 | 0 | |a Vorträge über wirtschaftliche Grundbegriffe |c H. Oswalt |
| 250 | |a Vierte Auflage | ||
| 264 | 1 | |a Jena |b Gustav Fischer |c 1922 | |